000
00238nam a22000857a 4500
008
161128b xxu||||| |||| 00| 0 eng d
100
_9
1492
_a
Batten. D
245
_a
The revised and expanded answers book
260
_a
USA
_b
Master Publication
_c
1990
999
_c
4217
_d
4217